Intelligence of low dimensional topology 2006 : Hiroshima, Japan, 22-26 July 2006

Αποθηκεύτηκε σε:
Λεπτομέρειες βιβλιογραφικής εγγραφής
Συγγραφή απο Οργανισμό/Αρχή: Intelligence of Low Dimensional Topology 2006
Άλλοι συγγραφείς: Carter, J. Scott (Επιμελητής έκδοσης)
Μορφή: Βιβλίο
Γλώσσα:English
Δημοσίευση: Singapore : Hackensack, NJ : World Scientific, c2007
Σειρά:K & E series on knots and everything ; ; 40
Θέματα:
Ετικέτες: Προσθήκη ετικέτας
Δεν υπάρχουν, Καταχωρήστε ετικέτα πρώτοι!

MARC

LEADER 00000nam a2200000 i 4500
001 1/84336
008 080509s2007 eng d
020 |a 978-981-270-593-8 
020 |a 981-270-593-7 
035 |l 10097163 
040 |a GR-MY-UA  |b gre  |e aacr 
041 0 |a eng 
082 0 |a 514.224  |2 (22) 
110 2 |a Intelligence of Low Dimensional Topology 2006. 
245 1 0 |a Intelligence of low dimensional topology 2006 :  |b Hiroshima, Japan, 22-26 July 2006 /  |c editors, J. Scott Carter ... [κ.ά.] 
260 |a Singapore : Hackensack, NJ :   |b World Scientific,   |c c2007 
300 |a xiii, 382 σ.;  |b εικ.;  |c 24 εκ. 
490 1 |a K & E series on knots and everything  |v ; 40 
500 |a "It is the fourth of the series of conferences Intelligence of Low Dimensional Topology following the preceding series of conferences Art of Low Dimansional Topology" 
504 |a Περιέχει βιβλιογραφικές παραπομπές 
650 0 0 |a Knot theory  |x Congresses. 
700 1 |a Carter, J. Scott.  |4 edt 
830 0 |a K & E series on knots and everything ;  |v ; 40 
852 |a INST  |b SAMOS  |e 20080509  |h 514.224 INT  |p 005300030404  |q 005300030404  |t BK  |y 0 
901 |a BIBL3-2008-2 
909 |a Σ  |b 152445 
922 |a 3ΕΛΗ  |b 200803  |c ΕΠΕΑΕΚ2/ΤΜΗΜΑ ΜΑΘΗΜΑΤΙΚΩΝ  |d ΠΑΠΑΣΩΤΗΡΙΟΥ 
970 |a ΡΟΥΣΣΟΥ  |b ΚΩΝΣΤΑΝΤΙΝΑ  |z 2008/05/09